A to Z of women in world history / (Record no. 83)

000 -LEADER
fixed length control field 00757cam a2200253 a 4500
001 - CONTROL NUMBER
control field 12552355
003 - CONTROL NUMBER IDENTIFIER
control field OSt
005 - DATE AND TIME OF LATEST TRANSACTION
control field 20140116120818.0
008 - FIXED-LENGTH DATA ELEMENTS--GENERAL INFORMATION
fixed length control field 011001s2002 nyua b 001 0ceng
010 ## - LIBRARY OF CONGRESS CONTROL NUMBER
LC control number 2001054327
020 ## - INTERNATIONAL STANDARD BOOK NUMBER
International Standard Book Number 9780816043347
040 ## - CATALOGING SOURCE
Original cataloging agency DLC
Transcribing agency DLC
Modifying agency DLC
050 00 - LIBRARY OF CONGRESS CALL NUMBER
Classification number CT3202.K84 2002
082 00 - DEWEY DECIMAL CLASSIFICATION NUMBER
Classification number 920.72
Edition number 21
100 1# - MAIN ENTRY--PERSONAL NAME
Personal name Kuhlman, Erika A.,
Dates associated with a name 1961-
245 10 - TITLE STATEMENT
Title A to Z of women in world history /
Statement of responsibility, etc Erika Kuhlman.
260 ## - PUBLICATION, DISTRIBUTION, ETC. (IMPRINT)
Place of publication, distribution, etc New York :
Name of publisher, distributor, etc Facts On File,
Date of publication, distribution, etc c2002.
300 ## - PHYSICAL DESCRIPTION
Extent xi, 452 p. :
Other physical details ill. ;
Dimensions 24 cm.
440 #0 - SERIES STATEMENT/ADDED ENTRY--TITLE
Title A to Z of women
440 #0 - SERIES STATEMENT/ADDED ENTRY--TITLE
Title Facts On File library of world history
504 ## - BIBLIOGRAPHY, ETC. NOTE
Bibliography, etc Includes bibliographical references (p. 417-418) and index.
650 #0 - SUBJECT ADDED ENTRY--TOPICAL TERM
Topical term or geographic name as entry element Women
Form subdivision Biography
-- Dictionaries.
942 ## - ADDED ENTRY ELEMENTS (KOHA)
Source of classification or shelving scheme
Koha item type Reference material
Holdings
Withdrawn status Lost status Source of classification or shelving scheme Damaged status Not for loan Home library Current library Date acquired Source of acquisition Total Checkouts Full call number Barcode Date last seen Copy number Price effective from Koha item type
          Riara University Library Riara University Library 07/10/2011 Puchase   REF: CT3202.K84 2002 1449/11 07/10/2011 C.1 07/10/2011 Book

Riara University Library,
P.O. Box 49940-00100,
Nairobi, Kenya.